Abbreviated Ladder Quiz Stats

 Plays Quiz Updated Feb 23, 2012

Challenge
Share
Tweet
Embed
Score 0/30 Timer 07:00
0 Plays Today
Hint Abbreviation % Correct
Not a Mister*MRS
83.5%
Group of symptoms related to a woman's 'time of the month'PMS
80.1%
Private university in Cambridge, MAMIT
79.2%
Professional men's basketball leagueNBA
79%
Status of uncertainty in armed servicesMIA
75.9%
German automakerBMW
75.5%
US federal government agency that collects taxesIRS
72.7%
Medical imaging technique used in radiologyMRI
72.5%
Cable network probably popular with Taylor Swift & Garth BrooksCMT
72.3%
American organization with the goal of 'protecting the Second Amendment'NRA
68%
General Electric owned television networkNBC
67.6%
Mobile device that functions as information managerPDA
67.2%
Disney owned televison networkABC
66.4%
Largest broadcasting network in the worldBBC
66.3%
New York corporation in charge of trains, busesMTA
65%
Hint Abbreviation % Correct
Statistical measure comparing weight and heightBMI
64.7%
Organization composed of guardians & educatorsPTA
64.4%
Medical imaging created by computer processingCAT
62.8%
Not the NCAA TournamentNIT
61.7%
In American football, 1 point after 6 PAT
60.8%
Revolutionary military organization in the British IslesIRA
59.2%
i.e. text messagingSMS
57.2%
The specific time zone name for the West Coast in North America during summerPDT
56.3%
The above clue when including pictures, sounds, etcMMS
53.6%
Neologism used in affirmation of above average weight femalesBBW
51.7%
In ISDN, the level of service intended for home/small enterprise useBRI
46.1%
Organization in which Ali, Tyson, & Pacquiao have been championsWBC
44.7%
Pre-hospital healthcare providerEMT
38.1%
Nuclear medicine imaging techniquePET
37.6%
International postal service focused on speedEMS
33.6%

You're not logged in!

Compare scores with friends on all Sporcle quizzes.
Join for Free
OR
Log In

You Might Also Like...

Show Comments

Extras

Top Quizzes Today


Score Distribution

Your Account Isn't Verified!

In order to create a playlist on Sporcle, you need to verify the email address you used during registration. Go to your Sporcle Settings to finish the process.

Report this User

Report this user for behavior that violates our Community Guidelines.

Details: